000 00495nam a2200181Ia 4500
999 _c13167
_d13167
003 OSt
005 20201116125648.0
008 190216s9999||||xx |||||||||||||| ||und||
020 _a9070176424
040 _coclc
082 _a415
_bDIK/F
100 _aDik, Simon C
_96616
245 0 _aFunctional Grammar /
_cSimon C Dik
260 _bForis Publications,
_c1981.
_aHolland:
300 _a230p
650 _aEnglish Grammar
942 _cBK
_2ddc
_h415
_iDIK/F
_k415
_mDIK/F